New Zealand Rugby All Blacks - 150 or more test points, no dropped goals - Statistics

General Stats
  • This quiz has been taken 108 times
    27 since last reset
  • The average score is 8 of 12
Answer Stats
Points Player % Correct
230 Julian Savea
96%
245 Doug Howlett
92%
236 Christian Cullen
83%
230 Joe Rokocoko
83%
185 Jonah Lomu
83%
165 Ben Smith
71%
291 Carlos Spencer
67%
155 Ma'a Nonu
67%
180 Tana Umaga
58%
170 Mils Muliaina
46%
171 Tony Brown
33%
153 Luke McAlister
17%
No matching quizzes found
Score Distribution
Percent of People with Each Score
Percentile by Number Answered
Your Score History
You have not taken this quiz since the last reset